| 000 | 00735nam a2200217 a 4500 | ||
|---|---|---|---|
| 005 | 20140310183401.0 | ||
| 008 | 121120s19uu xx 00 eng d | ||
| 020 | _a9780070172500 | ||
| 050 |
_aBF 121 _b.K536 2010 |
||
| 100 | _aKing, Laura A. | ||
| 245 |
_aExperience psychology / _cLaura A. King. |
||
| 250 | _aInternational student ed. | ||
| 260 |
_aNew York ; London : _bMcGraw-Hill Higher Education ; McGraw-Hill, _c2010. |
||
| 300 |
_a510 p. : _bill. col. ; _c27 cm. |
||
| 500 | _aIncludes bibliographical references and index | ||
| 520 | _aDo you want your students to just take psychology or to experience psychology? | ||
| 521 | _aPSYCH | ||
| 650 |
_aPsychology _xTextbooks |
||
| 942 |
_cBK _2lcc _kFOR |
||
| 999 |
_c22328 _d22328 |
||